000 00864nam a22002297a 4500
005 20260119114540.0
008 240123t ||||| |||| 00| 0 spa d
020 _a9786287568280
020 _a6287568283
040 _aCO-BoUCM
_cDavid Moreno
_dDavid Moreno
041 _aspa
110 2 _aSENA: Servicio Nacional de Aprendizaje
_9148294
245 1 0 _aHistorias de innovación del Sena por toda Colombia /
_cSENA
250 _a1a edición
260 _aBogotá, COL
_bPlaneta
_c2022
300 _a213 Páginas :
_bilustraciones, fotografías y mapas a color
610 1 _aServicio Nacional de Aprendizaje
_vInvestigaciones
_xProyectos
_9179763
650 1 7 _aInnovaciones industriales
_zColombia
_9179764
650 1 7 _aEmprendimiento social
_zColombia
_9179765
942 _2DEWEY
_a16
_cLIBRO
_e1
_h658.408
_mS461h
_n0
999 _c323792
_d323792